=LDR 00000nam 2200000 4500 =001 INLIS000000000016392 =005 20130612111659 =008 ***********************************Ind** =035 ##$$0010-061300000016392 =041 ##$$a Ind =082 ##$$a 372.84 =090 ##$$a 372.84, Qur q =245 ##$$a Quran hadis untuk madrasah ibtidaiyah, kurikulum MI 1994 sesuai GBPP, editor, Muhaimin Ahmad, Ahmad Zaini =260 ##$$a 1996 $b Semarang =300 ##$$a a...jil., 21 cm =650 ##$$a Pendidikan Dasar =650 ##$$a Quran Hadis =700 ##$$a Ahmad, Muhaimin =850 ##$$a NBPNMAT